00318 a2200121 4500001000700000020000600007040001100013100002700024240006500051245006000116362000900176440001100185180841 a  cMagnum aMira, Joao Manoel Lima10aA evangelizacao do negro no periodo colonial brasileirolpor10aA evangelizacao do negro no periodo colonial brasileiro0 a1899 1aLoyola